| 000 | 01279nam a2200325 c 4500 | ||
|---|---|---|---|
| 003 | BLK | ||
| 005 | 20180420220321.0 | ||
| 008 | 180407b bul|||||r ||||||| ||bul|| | ||
| 010 | _aKNG00032260000 | ||
| 020 |
_a954-8560-44-5 _bиздат.: Парнас |
||
| 040 | _aBLK | ||
| 041 |
_aBUL _cBUL |
||
| 080 |
_aИстория в основното училище. Методика на обучението по история _b372.893 _x _z372.893 |
||
| 100 | 1 |
_aДимчевска, Татяна _eпърви автор _9270401 |
|
| 139 |
_aДимчевска, Татяна _bД 61 |
||
| 245 | 1 | 0 |
_aТестове по история _bЗа кандидатстващите в езикови гимназии след VII. клас _cТатяна Димчевска. |
| 257 | _aBGR | ||
| 260 |
_аРусе _bПарнас _c2000 |
||
| 300 |
_a64 с. _c23 см |
||
| 380 | _a3 | ||
| 650 | 4 |
_aИстория - методика на преподаването - за основни училища _9248608 |
|
| 653 | _aтестове | ||
| 653 | _aистория | ||
| 653 | _aметодика на преподаването | ||
| 852 | _aЦб 204971 | ||
| 856 | 4 |
_qpdf _u |
|
| 856 | 4 |
_qpdf _u |
|
| 942 |
_cKNG _n0 |
||
| 944 |
_aCR _c15.01.2003 _kТеодора_Стоянова |
||
| 944 |
_aED _c28.01.2004 _k |
||
| 999 |
_c29640 _d29640 |
||